[Event "K41 Aabent Mesterskab 2007-08"]
[Site "Valby"]
[Date "2008.02.19"]
[Round "7"]
[White "Madsen, Poul Henrik"]
[Black "Nielsen, Michael"]
[Result "1/2-1/2"]
[WhiteElo "2100"]
[BlackElo "2058"]
[PlyCount "115"]
[EventDate "2007.??.??"]

1. d4 f5 2. c4 Nf6 3. Nc3 e6 4. g3 d5 5. Bg2 c6 6. b3 Bd6 7. Nf3 O-O 8. Qc2 Bd7
9. Bf4 Be8 10. Bxd6 Qxd6 11. c5 Qe7 12. Ne5 Nbd7 13. Nxd7 Nxd7 14. f4 b6 15.
Na4 bxc5 16. Nxc5 Nxc5 17. Qxc5 Qxc5 18. dxc5 Bh5 19. Bf3 Bxf3 20. exf3 Rfe8
21. Kd2 e5 22. fxe5 Rxe5 23. Rhe1 Rae8 24. Rxe5 Rxe5 25. b4 Re7 26. Rb1 a6 27.
Rb3 Kf7 28. Ra3 Ra7 29. Kc3 Ke6 30. Kd4 Rb7 31. Kc3 Ra7 32. Ra5 Ke5 33. a4 d4+
34. Kd3 Rb7 35. Rxa6 Rxb4 36. Rxc6 Rxa4 37. Rd6 Ra3+ 38. Ke2 g5 39. f4+ gxf4
40. gxf4+ Ke4 41. Rh6 d3+ 42. Ke1 Ra1+ 43. Kd2 Ra2+ 44. Ke1 Kxf4 45. c6 Rc2 46.
Rxh7 Rxc6 47. Kd2 Ke4 48. Re7+ Kf3 49. Re3+ Kf2 50. Rxd3 Rh6 51. Rd4 Rxh2 52.
Rf4+ Kg3+ 53. Ke3 Re2+ 54. Kxe2 Kxf4 55. Kf2 Ke4 56. Ke2 f4 57. Kf2 f3 58. Kf1
1/2-1/2

[Event "K41 Aabent Mesterskab 2007-08"]
[Site "Valby"]
[Date "2008.02.19"]
[Round "7"]
[White "Nielsen, Jais Norgaard"]
[Black "Jorgensen, Orla Eilegaard"]
[Result "1/2-1/2"]
[WhiteElo "1584"]
[BlackElo "1447"]
[PlyCount "130"]
[EventDate "2007.??.??"]

1. e4 c5 2. Nf3 d6 3. Bc4 Nf6 4. Nc3 g6 5. d3 Nc6 6. h3 Bg7 7. O-O O-O 8. a3
Re8 9. Ng5 e6 10. f4 d5 11. Ba2 dxe4 12. dxe4 Qb6 13. Na4 Qa5 14. Nc3 Qb6 15.
Kh1 Rd8 16. Qe2 Nd4 17. Qf2 a6 18. g4 h6 19. Nf3 Bd7 20. g5 Nh5 21. Ne5 Bc6 22.
Ng4 hxg5 23. fxg5 Rf8 24. Nf6+ Bxf6 25. gxf6 Qc7 26. Kg2 Nf5 27. Bf4 Nxf4+ 28.
Qxf4 Qxf4 29. Rxf4 Ne3+ 30. Kf2 Nxc2 31. Rc1 Nd4 32. Nb1 b6 33. b4 cxb4 34. e5
Rfd8 35. Rxd4 Rxd4 36. Rxc6 bxa3 37. Rxb6 Rad8 38. Rxa6 Rd2+ 39. Nxd2 Rxd2+ 40.
Ke3 Rxa2 41. Kd4 Ra1 42. Kc3 Rh1 43. Ra8+ Kh7 44. Kb4 Rxh3 45. Ra7 Re3 46.
Rxf7+ Kg8 47. Ra7 Rxe5 48. Kxa3 Rf5 49. Rg7+ Kf8 50. Rxg6 Kf7 51. Rh6 Rxf6 52.
Rxf6+ Kxf6 53. Kb2 Ke5 54. Kc1 Ke4 55. Kd2 e5 56. Ke2 Kd4 57. Kd2 e4 58. Ke2 e3
59. Ke1 Ke4 60. Ke2 Kd4 61. Ke1 Ke4 62. Ke2 Kf4 63. Ke1 Kf3 64. Kf1 e2+ 65. Ke1
Ke3 1/2-1/2

[Event "K41 Aabent Mesterskab 2007-08"]
[Site "Valby"]
[Date "2008.02.19"]
[Round "7"]
[White "Nielsen, Jorgen Kamp"]
[Black "Moller, Arne Vagn"]
[Result "1/2-1/2"]
[WhiteElo "1432"]
[BlackElo "1723"]
[PlyCount "57"]
[EventDate "2007.??.??"]

1. e4 c5 2. f4 d6 3. Nf3 e6 4. Nc3 a6 5. a4 b6 6. Bc4 Nc6 7. d3 Qc7 8. f5 Nf6
9. Bg5 Be7 10. O-O O-O 11. Qe1 Bd7 12. Qg3 Kh8 13. Rae1 Na5 14. Ba2 Rae8 15.
Nh4 Qd8 16. Qh3 Ng8 17. fxe6 Bxg5 18. exd7 Re7 19. Rxf7 Bxh4 20. Rxf8 Qxf8 21.
Qxh4 Rxd7 22. Be6 Re7 23. Bf5 Nh6 24. Nd5 Nxf5 25. exf5 Rxe1+ 26. Qxe1 h6 27.
Nxb6 Nc6 28. Qe4 Nd4 29. c3 1/2-1/2

[Event "K41 Aabent Mesterskab 2007-08"]
[Site "Valby"]
[Date "2008.02.19"]
[Round "7"]
[White "Ringsborg, Allan"]
[Black "Kristensen, Steffen Michael"]
[Result "1-0"]
[WhiteElo "1522"]
[BlackElo "1159"]
[PlyCount "67"]
[EventDate "2007.??.??"]

1. b4 e5 2. Bb2 d6 3. e3 Nf6 4. c4 g6 5. h3 Bg7 6. Nc3 O-O 7. Be2 Be6 8. d3 Nc6
9. a3 Re8 10. e4 Nd4 11. Nf3 Nxe2 12. Nxe2 Qd7 13. Ng5 b5 14. Nxe6 fxe6 15.
cxb5 Qxb5 16. O-O Rf8 17. Rc1 Rf7 18. Qb3 Re8 19. Rc2 Qb6 20. Bc1 d5 21. Qa4
dxe4 22. dxe4 Qb7 23. f3 Ref8 24. Nc3 Qb6+ 25. Kh2 Nh5 26. Re1 Nf4 27. Be3 Qb7
28. Qb5 Qc8 29. Bc5 c6 30. Qc4 Re8 31. Ne2 Qd8 32. Nxf4 exf4 33. Bf2 Rd7 34.
Qxc6 1-0

[Event "K41 Aabent Mesterskab 2007-08"]
[Site "Valby"]
[Date "2008.02.19"]
[Round "7"]
[White "Taylor, Ralph"]
[Black "Truelsen, Ole Illum"]
[Result "1/2-1/2"]
[WhiteElo "1840"]
[BlackElo "1821"]
[PlyCount "46"]
[EventDate "2007.??.??"]

1. e4 e6 2. d4 d5 3. c4 dxe4 4. Nc3 Nf6 5. f3 exf3 6. Nxf3 b6 7. Bg5 Be7 8. Qd2
Bb7 9. O-O-O O-O 10. Bd3 Na6 11. Qe2 h6 12. Be3 Ng4 13. Bd2 Nf6 14. h3 Kh8 15.
Rhe1 Rc8 16. Be3 Nb4 17. Bb1 Ba6 18. a3 Nbd5 19. Qc2 Bxc4 20. Ne5 Nxc3 21. Qxc3
Bd5 22. Bd3 c5 23. Kb1 c4 1/2-1/2

[Event "K41 Aabent Mesterskab 2007-08"]
[Site "Valby"]
[Date "2008.02.19"]
[Round "7"]
[White "Walli, Aqil Raad"]
[Black "Nielsen, Jens Holm"]
[Result "1-0"]
[WhiteElo "1660"]
[BlackElo "1802"]
[PlyCount "117"]
[EventDate "2007.??.??"]

1. d4 d5 2. c4 e6 3. Nc3 Nf6 4. Bg5 Nbd7 5. e3 c6 6. Nf3 Qa5 7. Bxf6 Nxf6 8.
Qc2 Bb4 9. Bd3 dxc4 10. Bxc4 Ne4 11. Rc1 Nxc3 12. bxc3 Ba3 13. Rb1 O-O 14. O-O
Bd6 15. Bd3 h6 16. c4 Qh5 17. Be2 Qa5 18. c5 Be7 19. Ne5 Bf6 20. Nc4 Qc7 21. f4
Rb8 22. a4 b6 23. cxb6 axb6 24. Ne5 c5 25. dxc5 Bxe5 26. fxe5 Qxe5 27. Rb3 bxc5
28. Rxb8 Qxb8 29. Qxc5 Bd7 30. a5 Rc8 31. Qe7 Be8 32. a6 Rc7 33. Qd6 Qa7 34.
Kf2 Rd7 35. Qb4 Rc7 36. Rb1 Rc2 37. Qb6 Qa8 38. Qb7 Qd8 39. g3 Qf6+ 40. Qf3 Qc3
41. a7 Bc6 42. Rb8+ Kh7 43. a8=Q Rxe2+ 44. Qxe2 Qf6+ 45. Kg1 Bxa8 46. Rxa8 Qf5
47. Ra4 e5 48. e4 Qd7 49. Ra3 Qc7 50. Rf3 f6 51. Rf1 Qc5+ 52. Qf2 Qc4 53. Qf5+
Kg8 54. Kg2 Qd3 55. Kh3 Kf7 56. Rf3 Qd6 57. Rc3 g5 58. Rc7+ Qxc7 59. Qh7+ 1-0

[Event "K41 Aabent Mesterskab 2007-08"]
[Site "Valby"]
[Date "2008.02.26"]
[Round "8"]
[White "Abildgaard, Kenneth"]
[Black "Jorgensen, Carina Eilegaard"]
[Result "0-1"]
[WhiteElo "1561"]
[BlackElo "1863"]
[PlyCount "112"]
[EventDate "2007.??.??"]

1. e4 d5 2. exd5 Nf6 3. c4 c6 4. dxc6 Nxc6 5. Nc3 e5 6. g3 Bg4 7. Be2 Bf5 8.
Nf3 Nb4 9. Qa4+ Qd7 10. Qxd7+ Nxd7 11. Nh4 Be6 12. Nb5 Rc8 13. Na3 Nc5 14. O-O
g6 15. Nf3 Bg7 16. Nb5 O-O 17. d4 Nc2 18. dxc5 Nxa1 19. Bg5 Nc2 20. Nd6 Rc7 21.
Rc1 Nd4 22. Nxd4 exd4 23. b4 a5 24. b5 h6 25. Bd2 Rxc5 26. Bxa5 Ra8 27. Nxb7
Re5 28. Bd3 Bc8 29. Nd6 Rxa5 30. Nxc8 Rxa2 31. c5 Ra3 32. c6 Rxd3 33. c7 Re8
34. b6 Be5 35. Ne7+ Kf8 36. c8=Q Rxc8 37. Nxc8 Rc3 38. Re1 Bb8 39. b7 d3 40.
Rd1 Ke8 41. Nb6 Rb3 42. Nd5 Kd7 43. Nf6+ Kc6 44. Ne4 Kd5 45. Nd2 Rxb7 46. Kg2
Rd7 47. Kf3 Kd4 48. Rc1 Rc7 49. Nb3+ Kd5 50. Rd1 Rc3 51. Nc1 d2+ 52. Ke2 Rxc1
53. Rxd2+ Ke4 54. f3+ Kf5 55. g4+ Ke6 56. h4 Rh1 0-1

[Event "K41 Aabent Mesterskab 2007-08"]
[Site "Valby"]
[Date "2008.02.26"]
[Round "8"]
[White "Brondum, Eric"]
[Black "Nielsen, Michael"]
[Result "1/2-1/2"]
[WhiteElo "2111"]
[BlackElo "2058"]
[PlyCount "61"]
[EventDate "2007.??.??"]

1. d4 f5 2. g3 Nf6 3. Bg2 e6 4. c4 d5 5. Nc3 c6 6. Nh3 Be7 7. O-O O-O 8. b3 Bb4
9. Bb2 Nbd7 10. Nf4 Qe7 11. Rc1 Rb8 12. Qc2 b6 13. cxd5 Nxd5 14. Nd3 Ba6 15.
Nxb4 Nxb4 16. Qd2 Nd5 17. Nb1 Rfc8 18. Ba3 Qf7 19. Bd6 Ra8 20. Rfe1 N7f6 21.
Be5 Ng4 22. Bd6 Rd8 23. Ba3 Rac8 24. h3 Ngf6 25. Nc3 h6 26. Nxd5 cxd5 27. Rxc8
Rxc8 28. Rc1 Rxc1+ 29. Bxc1 Qc7 30. Ba3 Ne4 31. Bxe4 1/2-1/2

[Event "K41 Aabent Mesterskab 2007-08"]
[Site "Valby"]
[Date "2008.02.26"]
[Round "8"]
[White "Hansen, John Laurids"]
[Black "Ringsborg, Allan"]
[Result "0-1"]
[WhiteElo "1660"]
[BlackElo "1522"]
[PlyCount "90"]
[EventDate "2007.??.??"]

1. e4 e5 2. Nf3 Nf6 3. d4 exd4 4. e5 Nd5 5. Qxd4 Nb6 6. Nc3 h6 7. Bd3 Nc6 8.
Qe4 Qe7 9. Nb5 d5 10. exd6 Qxe4+ 11. Bxe4 Bxd6 12. Nxd6+ cxd6 13. Bf4 d5 14.
Bd3 Be6 15. O-O O-O 16. Rfe1 Nb4 17. h3 Nxd3 18. cxd3 Rfe8 19. Rac1 Rac8 20.
Nd4 Rxc1 21. Rxc1 Rc8 22. Nxe6 Rxc1+ 23. Bxc1 fxe6 24. Be3 Nc8 25. g4 a6 26.
Bd4 g6 27. Kg2 Ne7 28. Kf3 Nc6 29. Bc3 Kf7 30. h4 b5 31. Ke3 h5 32. f3 e5 33.
d4 hxg4 34. fxg4 b4 35. Be1 Nxd4 36. Kd3 Nc6 37. a3 bxa3 38. bxa3 Nd4 39. Kc3
Nf3 40. Bg3 e4 41. a4 d4+ 42. Kc2 d3+ 43. Kd1 e3 44. a5 e2+ 45. Kc1 d2+ 0-1

[Event "K41 Aabent Mesterskab 2007-08"]
[Site "Valby"]
[Date "2008.02.26"]
[Round "8"]
[White "Hansen, Soren Otto"]
[Black "Eiholt, Bjarne"]
[Result "1-0"]
[WhiteElo "1541"]
[BlackElo "1538"]
[PlyCount "73"]
[EventDate "2007.??.??"]

1. e4 c6 2. d4 d5 3. Nc3 dxe4 4. Nxe4 Bf5 5. Ng3 Bg6 6. Nf3 Nd7 7. Bf4 Qa5+ 8.
c3 Ngf6 9. Bd3 Bxd3 10. Qxd3 e6 11. O-O Be7 12. Rfe1 O-O 13. h4 Nh5 14. Bg5
Bxg5 15. Nxg5 Nhf6 16. b4 Qd8 17. Rad1 h6 18. Nf3 Nd5 19. Ne5 Nxe5 20. Rxe5 Nf4
21. Qf3 Ng6 22. Re4 Nxh4 23. Qh5 Ng6 24. Rde1 Qd5 25. Qe2 Qb5 26. Qe3 Ne7 27.
Re5 Nd5 28. Qf3 Qc4 29. Ne4 Rad8 30. Qg3 Kh8 31. Rh5 Qxa2 32. Qh3 Kg8 33. Qg3
f5 34. Nc5 Qd2 35. Qe5 Rde8 36. Nxe6 Nf4 37. Qxg7# 1-0

[Event "K41 Aabent Mesterskab 2007-08"]
[Site "Valby"]
[Date "2008.02.26"]
[Round "8"]
[White "Hoj, Torben Kjaergaard"]
[Black "Krogh, Soren"]
[Result "1-0"]
[WhiteElo "1622"]
[BlackElo "1087"]
[PlyCount "101"]
[EventDate "2007.??.??"]

1. e4 e5 2. Bc4 Nf6 3. Nc3 Bb4 4. d3 c6 5. Nge2 d6 6. h3 Qa5 7. O-O Na6 8. Bd2
Be6 9. Bb3 Bxb3 10. axb3 Qc7 11. Bg5 Qe7 12. Ng3 g6 13. Qf3 Qe6 14. Qxf6 Qxf6
15. Bxf6 Rg8 16. Bg5 h5 17. Nce2 Nc7 18. c3 Bc5 19. d4 Bb6 20. Rad1 Ne6 21. Bf6
g5 22. dxe5 h4 23. Nf5 dxe5 24. Bxe5 Rg6 25. Kh2 Nc5 26. Nd6+ Kf8 27. Nf5 Nxe4
28. Bd4 Bc7+ 29. Kg1 b6 30. f3 Nc5 31. b4 Ne6 32. Be3 c5 33. bxc5 bxc5 34. Rd5
Bb6 35. Rfd1 Rc8 36. Nd6 Rc6 37. Ne4 f6 38. Rd6 Rxd6 39. Rxd6 Ke7 40. Rd2 f5
41. Nd6 f4 42. Bf2 Ng7 43. Nc8+ Kf8 44. Nxb6 axb6 45. b4 cxb4 46. cxb4 Nf5 47.
Nc3 Rc6 48. Ne2 Re6 49. Kf1 Ke7 50. Nc3 Kf6 51. Nd5+ 1-0

[Event "K41 Aabent Mesterskab 2007-08"]
[Site "Valby"]
[Date "2008.02.26"]
[Round "8"]
[White "Jorgensen, Kasper Moller"]
[Black "Rasmussen, Janus Munck"]
[Result "1-0"]
[WhiteElo "1965"]
[BlackElo "1705"]
[PlyCount "21"]
[EventDate "2007.??.??"]

1. e4 d5 2. exd5 Qxd5 3. Nc3 Qa5 4. d4 Nf6 5. Nf3 Bf5 6. Bd2 c6 7. Ne5 e6 8. g4
Bg6 9. h4 Nbd7 10. Nxd7 Nxd7 11. h5 1-0

[Event "K41 Aabent Mesterskab 2007-08"]
[Site "Valby"]
[Date "2008.02.26"]
[Round "8"]
[White "Kristensen, Steffen Michael"]
[Black "Christensen, Aage Niels"]
[Result "0-1"]
[WhiteElo "1159"]
[BlackElo "1460"]
[PlyCount "86"]
[EventDate "2007.??.??"]

1. Nf3 d5 2. d4 Nf6 3. Bf4 Bg4 4. Nc3 e6 5. a3 c5 6. e3 Nc6 7. Be2 Rc8 8. h3
Bh5 9. Ne5 Bxe2 10. Qxe2 cxd4 11. Nxc6 Rxc6 12. exd4 Qb6 13. O-O-O Rc4 14. Qe5
Nd7 15. Qg5 Be7 16. Qg3 Bf6 17. Nxd5 exd5 18. Rhe1+ Kd8 19. Bg5 Bxg5+ 20. Qxg5+
Qf6 21. Qxd5 Qc6 22. Qg5+ Qf6 23. Qa5+ Qb6 24. Qd5 Qc6 25. Qg5+ Kc7 26. c3
Rxc3+ 27. Kb1 Qb6 28. Rc1 Rxc1+ 29. Rxc1+ Kb8 30. Qf4+ Ka8 31. Ka1 Nf6 32. Qf5
a6 33. d5 Rd8 34. Qe5 Qxf2 35. d6 Qd2 36. Qc5 Qxd6 37. Qc2 h6 38. Qf5 Qd7 39.
Qe5 Ng8 40. Qa5 Ne7 41. Qb6 Nc6 42. g4 Rc8 43. Qe3 Rd8 0-1

[Event "K41 Aabent Mesterskab 2007-08"]
[Site "Valby"]
[Date "2008.02.26"]
[Round "8"]
[White "Marshall, Michael"]
[Black "Jorgensen, Orla Eilegaard"]
[Result "1-0"]
[WhiteElo "1814"]
[BlackElo "1447"]
[PlyCount "27"]
[EventDate "2007.??.??"]

1. d4 Nf6 2. Nf3 g6 3. Nc3 Bg7 4. e4 d6 5. Be3 Nbd7 6. Qd2 O-O 7. Bh6 c5 8.
Bxg7 Kxg7 9. O-O-O a5 10. e5 dxe5 11. dxe5 Ne8 12. Bb5 Nc7 13. Bxd7 Bxd7 14.
Qxd7 1-0

[Event "K41 Aabent Mesterskab 2007-08"]
[Site "Valby"]
[Date "2008.02.26"]
[Round "8"]
[White "Mikkelsen, Henning Peter"]
[Black "Nielsen, Jais Norgaard"]
[Result "1/2-1/2"]
[WhiteElo "1287"]
[BlackElo "1584"]
[PlyCount "64"]
[EventDate "2007.??.??"]

1. d4 Nf6 2. Nc3 d5 3. e4 dxe4 4. f3 Bf5 5. Bc4 e6 6. Bg5 Bb4 7. a3 Bxc3+ 8.
bxc3 c6 9. Qd2 Nbd7 10. Ra2 Qa5 11. Qe3 exf3 12. Nxf3 Ne4 13. O-O Qxc3 14. Bd3
Nd6 15. Ne1 O-O 16. Qf4 Bxd3 17. Nxd3 Nf5 18. Qc7 Qxd4+ 19. Kh1 h6 20. Bc1 Rfd8
21. Bb2 Qd6 22. Qa5 Ne3 23. Qc3 f6 24. Rf3 Nd5 25. Qe1 e5 26. Qh4 Re8 27. Rg3
f5 28. Qh5 Rf8 29. Ra1 f4 30. Rg6 Rf6 31. Rg4 g5 32. Re1 Ne3 1/2-1/2

[Event "K41 Aabent Mesterskab 2007-08"]
[Site "Valby"]
[Date "2008.02.26"]
[Round "8"]
[White "Moller, Arne Vagn"]
[Black "Brorsen, Jacob Abildlund"]
[Result "1/2-1/2"]
[WhiteElo "1723"]
[BlackElo "1804"]
[PlyCount "55"]
[EventDate "2007.??.??"]

1. e4 c5 2. Nf3 d6 3. d4 cxd4 4. Nxd4 Nf6 5. Nc3 a6 6. Be2 e6 7. O-O Be7 8. Be3
O-O 9. Kh1 Nc6 10. f4 Qc7 11. Qe1 b5 12. Nxc6 Qxc6 13. Bf3 e5 14. Qg3 Re8 15.
Rf2 Bf8 16. fxe5 dxe5 17. Nd5 Nxd5 18. exd5 Qd6 19. Be4 f5 20. Bxf5 Bxf5 21.
Rxf5 Qxd5 22. Raf1 Rad8 23. Qf2 Rc8 24. Rf7 Qxa2 25. Bc5 Bxc5 26. Rxg7+ Kxg7
27. Qf6+ Kg8 28. Qg5+ 1/2-1/2

[Event "K41 Aabent Mesterskab 2007-08"]
[Site "Valby"]
[Date "2008.03.03"]
[Round "8"]
[White "Nielsen, Jens Holm"]
[Black "Hou, Mads"]
[Result "1/2-1/2"]
[WhiteElo "1802"]
[BlackElo "1465"]
[PlyCount "115"]
[EventDate "2007.??.??"]

1. f4 d5 2. Nf3 Bf5 3. e3 Nf6 4. b3 e6 5. Bb2 Nbd7 6. Be2 c5 7. O-O a6 8. a4
Rc8 9. Ne5 h5 10. d3 Nxe5 11. fxe5 Ng4 12. Bxg4 hxg4 13. Qe1 Be7 14. Nd2 Bg5
15. Qf2 d4 16. Nc4 Bxe3 17. Nxe3 dxe3 18. Qxe3 Qh4 19. Qg3 Qxg3 20. hxg3 Kd7
21. a5 Kc6 22. Rf4 Kb5 23. Bc3 Rh5 24. Rc4 Rch8 25. Kf2 Rh1 26. Rxh1 Rxh1 27.
Be1 f6 28. b4 cxb4 29. Rxb4+ Kc6 30. Rb6+ Kc7 31. Bc3 Rc1 32. Rb2 Rd1 33. exf6
gxf6 34. Bxf6 Rd2+ 35. Ke3 Rxg2 36. Be5+ Kc8 37. Kd4 Bg6 38. Kc3 Be8 39. Rb4
Re2 40. Rc4+ Bc6 41. Kd4 Kd7 42. Bb8 Rf2 43. Ke3 Rf3+ 44. Kd2 Rf5 45. Rxg4 Rxa5
46. Rg7+ Ke8 47. Bd6 Rd5 48. Ba3 Rd7 49. Rg8+ Kf7 50. Rh8 Kg6 51. Bb2 Rh7 52.
Rg8+ Kf7 53. Rg4 a5 54. Rf4+ Ke8 55. Rf2 a4 56. Ba3 Rf7 57. Rxf7 Kxf7 58. Kc3
1/2-1/2

[Event "K41 Aabent Mesterskab 2007-08"]
[Site "Valby"]
[Date "2008.02.26"]
[Round "8"]
[White "Nielsen, Soren Skovso"]
[Black "Christensen, Esben"]
[Result "0-1"]
[WhiteElo "1539"]
[BlackElo "1984"]
[PlyCount "96"]
[EventDate "2007.??.??"]

1. e4 c5 2. Nf3 e6 3. Nc3 a6 4. d4 cxd4 5. Nxd4 d6 6. Be2 Nf6 7. O-O Qc7 8. Be3
b5 9. a3 Bb7 10. f3 Nbd7 11. Qd2 d5 12. exd5 Nxd5 13. Nxd5 Bxd5 14. Rac1 Bd6
15. f4 O-O 16. c4 bxc4 17. Qc3 Rfc8 18. Rfd1 Nf6 19. Nf3 Bxf4 20. Bxf4 Qxf4 21.
Rf1 Ne4 22. Qd4 Qh6 23. Ne5 f6 24. Ng4 Qd2 25. Qxd2 Nxd2 26. Rfd1 Nb3 27. Rc3
Rc5 28. Ne3 Rac8 29. Nxd5 exd5 30. Bg4 Rd8 31. h3 Kf8 32. Re3 d4 33. Re6 a5 34.
Rde1 c3 35. Rb6 c2 36. Rxb3 c1=Q 37. Rxc1 Rxc1+ 38. Kh2 d3 39. Rb7 d2 40. Rb5
d1=Q 41. Bxd1 Rdxd1 42. Rxa5 Rd2 43. b4 Rcc2 44. Ra8+ Kf7 45. b5 Rxg2+ 46. Kh1
Rge2 47. Ra7+ Kg6 48. Kg1 Re1# 0-1

[Event "K41 Aabent Mesterskab 2007-08"]
[Site "Valby"]
[Date "2008.02.26"]
[Round "8"]
[White "Petersen, Jan Han Il Nam"]
[Black "Nielsen, Jorgen Kamp"]
[Result "1-0"]
[WhiteElo "1605"]
[BlackElo "1432"]
[PlyCount "71"]
[EventDate "2007.??.??"]

1. e4 c5 2. Nf3 d6 3. d4 cxd4 4. Nxd4 Nf6 5. Nc3 a6 6. f3 e6 7. Bg5 Be7 8. Qd2
b5 9. Bd3 b4 10. Nce2 Nxe4 11. Bxe7 Nxd2 12. Bxd8 Nxf3+ 13. Nxf3 Kxd8 14. Rd1
Bb7 15. O-O e5 16. Nxe5 dxe5 17. Be4+ Kc8 18. Bxb7+ Kxb7 19. Rxf7+ Kb6 20. Rxg7
Ra7 21. Rxa7 Kxa7 22. c4 Rf8 23. Rd5 Re8 24. Ng3 Re7 25. Kf2 Nc6 26. Ke3 Kb6
27. Nf5 Re6 28. c5+ Kc7 29. Rd6 Re8 30. Rh6 Rh8 31. g4 a5 32. b3 Nd8 33. Nd6
Kd7 34. g5 Ne6 35. g6 Ke7 36. Rxh7+ 1-0

[Event "K41 Aabent Mesterskab 2007-08"]
[Site "Valby"]
[Date "2008.02.26"]
[Round "8"]
[White "Rasmussen, Morten(1956)"]
[Black "Lofberg, Jan"]
[Result "1/2-1/2"]
[WhiteElo "1753"]
[BlackElo "1918"]
[PlyCount "41"]
[EventDate "2007.??.??"]

1. d4 c5 2. Nf3 g6 3. c4 Bg7 4. Nc3 cxd4 5. Nxd4 Nc6 6. Nxc6 bxc6 7. e4 d6 8.
Be2 Nf6 9. O-O O-O 10. Be3 Qc7 11. Qc2 Ng4 12. Bf4 Ne5 13. Rad1 Be6 14. b3 f5
15. Qd2 Rad8 16. Qc1 Qa5 17. Bd2 Qc7 18. Be3 Qa5 19. Bd2 Qc7 20. Be3 Qa5 21.
Bd2 1/2-1/2

[Event "K41 Aabent Mesterskab 2007-08"]
[Site "Valby"]
[Date "2008.02.26"]
[Round "8"]
[White "Truelsen, Ole Illum"]
[Black "Jorgensen, Rasmus"]
[Result "1/2-1/2"]
[WhiteElo "1821"]
[BlackElo "1607"]
[PlyCount "97"]
[EventDate "2007.??.??"]

1. c4 Nf6 2. Nc3 g6 3. e4 d6 4. d4 Bg7 5. Be2 O-O 6. Bg5 Nbd7 7. Qd2 c5 8. d5
Re8 9. h3 a6 10. a4 Qa5 11. Nf3 e6 12. dxe6 Rxe6 13. Bd3 b5 14. O-O b4 15. Nd5
Bb7 16. Rfe1 Nxd5 17. cxd5 Ree8 18. Bf4 Rac8 19. Bxd6 Qb6 20. Bf4 c4 21. a5 Qa7
22. Be3 Qa8 23. Bc2 b3 24. Bd1 c3 25. Qd3 c2 26. Be2 Bxb2 27. Qxb3 Bxa1 28.
Rxa1 Rxe4 29. Rc1 Bxd5 30. Qb2 Nc5 31. Bh6 Ne6 32. Ng5 Rxe2 33. Nxe6 f6 34.
Qxf6 Qa7 35. Nd4 Qe7 36. Qxa6 Re1+ 37. Kh2 Qc7+ 38. g3 Rxc1 39. Bxc1 Ra8 40.
Qb5 Rxa5 41. Qe8+ Kg7 42. Bb2 Kh6 43. Qf8+ Kh5 44. Bc1 g5 45. Nf5 Ra6 46. Qe8+
Bf7 47. Qe2+ Kg6 48. Ne7+ Kg7 49. Nf5+ 1/2-1/2

[Event "K41 Aabent Mesterskab 2007-08"]
[Site "Valby"]
[Date "2008.02.26"]
[Round "8"]
[White "Walli, Aqil Raad"]
[Black "Petersen, Steen Brustrup"]
[Result "0-1"]
[WhiteElo "1660"]
[BlackElo "2136"]
[PlyCount "58"]
[EventDate "2007.??.??"]

1. c4 e5 2. Nc3 Nf6 3. d3 Nc6 4. e3 d5 5. cxd5 Nxd5 6. Bd2 Be6 7. a3 Be7 8. Nf3
O-O 9. Be2 Kh8 10. Qc2 a5 11. Nxd5 Qxd5 12. h3 f5 13. Bc3 a4 14. Nd2 Bf6 15.
Bf3 Qd7 16. Rc1 Rfd8 17. Be2 Bd5 18. O-O Rg8 19. f4 exf4 20. Bxf6 gxf6 21. e4
Nd4 22. Qd1 fxe4 23. dxe4 Qxh3 24. Rf2 Bc6 25. Rc3 Qh6 26. Nf3 Nxe2+ 27. Rxe2
Ra5 28. Qd4 Rh5 29. Rc5 Rh1+ 0-1

[Event "K41 Aabent Mesterskab 2007-08"]
[Site "Valby"]
[Date "2008.03.11"]
[Round "9"]
[White "Abildgaard, Kenneth"]
[Black "Marshall, Michael"]
[Result "1-0"]
[WhiteElo "1561"]
[BlackElo "1814"]
[PlyCount "99"]
[EventDate "2007.??.??"]

1. e4 c5 2. Nf3 e6 3. d4 cxd4 4. Nxd4 Nc6 5. Nb3 Nf6 6. f3 Qc7 7. Nc3 a6 8. Be3
b5 9. Bd3 Be7 10. Nd4 Bb7 11. Nxc6 Bxc6 12. a3 O-O 13. O-O d6 14. Qe2 Qb7 15.
Rad1 Rfd8 16. Na2 d5 17. e5 Nd7 18. f4 Nc5 19. Qh5 g6 20. Qg4 Ne4 21. Nb4 Be8
22. c3 Bd7 23. Nc2 f5 24. exf6 Bxf6 25. Qf3 Rf8 26. Bxe4 dxe4 27. Qg3 Bg7 28.
Bd4 Rf7 29. Qe3 Re8 30. Bxg7 Rxg7 31. Rfe1 e5 32. fxe5 Rxe5 33. Rd4 Rge7 34.
Red1 a5 35. Qd2 Bg4 36. Re1 Kg7 37. Ne3 Be6 38. Rd6 Bf7 39. Ng4 R5e6 40. Qd4+
Kg8 41. Nf6+ Kf8 42. Nxh7+ Kg8 43. Nf6+ Kf8 44. Rd8+ Re8 45. Nxe8 Rxe8 46.
Rxe8+ Bxe8 47. Rxe4 Bc6 48. Qf6+ Qf7 49. Qh8+ Qg8 50. Rf4+ 1-0

[Event "K41 Aabent Mesterskab 2007-08"]
[Site "Valby"]
[Date "2008.03.11"]
[Round "9"]
[White "Brorsen, Jacob Abildlund"]
[Black "Walli, Aqil Raad"]
[Result "0-1"]
[WhiteElo "1804"]
[BlackElo "1660"]
[PlyCount "58"]
[EventDate "2007.??.??"]

1. f4 d5 2. Nf3 c5 3. g3 Nc6 4. Bg2 Nf6 5. O-O e6 6. d3 Be7 7. c3 O-O 8. Qe1 a6
9. a4 b6 10. e4 dxe4 11. dxe4 Bb7 12. Qe2 Qc7 13. Nbd2 Rfd8 14. e5 Nd5 15. Nh4
Na5 16. f5 c4 17. Kh1 b5 18. axb5 axb5 19. Nhf3 Nc6 20. Rxa8 Bxa8 21. fxe6 fxe6
22. Nd4 Nxd4 23. cxd4 c3 24. Ne4 cxb2 25. Bxb2 Qc4 26. Qxc4 bxc4 27. Rc1 Ne3
28. Bf3 Rf8 29. Ra1 Bd5 0-1

[Event "K41 Aabent Mesterskab 2007-08"]
[Site "Valby"]
[Date "2008.03.11"]
[Round "9"]
[White "Christensen, Aage Niels"]
[Black "Hoj, Torben Kjaergaard"]
[Result "0-1"]
[WhiteElo "1460"]
[BlackElo "1622"]
[PlyCount "94"]
[EventDate "2007.??.??"]

1. d4 Nf6 2. Nc3 d5 3. Bg5 e6 4. e4 dxe4 5. Nxe4 Be7 6. Bd3 Nbd7 7. Nf3 Nd5 8.
Bxe7 Qxe7 9. Qd2 b6 10. O-O Bb7 11. a3 O-O 12. Rfe1 N5f6 13. Qg5 h6 14. Qh4
Rfe8 15. Ng3 Qd8 16. Re2 Nf8 17. Rae1 Nd5 18. Qxd8 Raxd8 19. Be4 c6 20. Ne5 Rc8
21. Bxd5 cxd5 22. c3 f6 23. Ng4 Kf7 24. f4 Rc6 25. Re3 Bc8 26. Nf2 Bd7 27. Nd3
Rcc8 28. Nh5 g6 29. Ng3 h5 30. Nh1 Nh7 31. Rh3 e5 32. Rhe3 e4 33. Ndf2 g5 34.
fxg5 Nxg5 35. Ng3 h4 36. Ne2 Rg8 37. Nf4 Nf3+ 38. Kh1 Nxe1 39. Rxe1 Bc6 40. Nd1
Rg4 41. Rf1 Rg5 42. Ne3 Bb7 43. h3 Rcg8 44. Rf2 Ke7 45. Ng4 Rxg4 46. hxg4 Rxg4
47. Nh3 Ke6 0-1

[Event "K41 Aabent Mesterskab 2007-08"]
[Site "Valby"]
[Date "2008.03.11"]
[Round "9"]
[White "Christensen, Esben"]
[Black "Brondum, Eric"]
[Result "0-1"]
[WhiteElo "1984"]
[BlackElo "2111"]
[PlyCount "146"]
[EventDate "2007.??.??"]

1. e4 c5 2. Nf3 d6 3. d4 cxd4 4. Nxd4 Nf6 5. Nc3 a6 6. g3 e5 7. Nde2 Be6 8. Bg2
Be7 9. O-O Nbd7 10. f4 Qb6+ 11. Kh1 Ng4 12. Qe1 Ne3 13. Bxe3 Qxe3 14. Nd5 Bxd5
15. exd5 Bf6 16. Rf3 Qa7 17. c3 O-O 18. Nc1 exf4 19. Rxf4 Bg5 20. Re4 Nf6 21.
Re2 Rae8 22. Nd3 Rxe2 23. Qxe2 Re8 24. Qf1 Bd2 25. Rd1 Qe3 26. Bf3 Ne4 27. Kg2
Ng5 28. Nf4 Nxf3 29. Qxf3 Qxf3+ 30. Kxf3 Bxf4 31. gxf4 g6 32. Rd2 Re1 33. Kf2
Rh1 34. Ke3 Kg7 35. c4 Rc1 36. b3 Kf6 37. Kf3 Ke7 38. Rf2 h5 39. Re2+ Kd7 40.
Kg2 Rc3 41. f5 gxf5 42. Rf2 h4 43. Rxf5 h3+ 44. Kf2 Ke7 45. Rf3 Rc2+ 46. Kg3
Rxa2 47. Kxh3 b5 48. Re3+ Kd7 49. Rf3 Ke7 50. Re3+ Kf8 51. Kg3 bxc4 52. bxc4
Ra1 53. h4 a5 54. Rb3 a4 55. Rb8+ Kg7 56. Ra8 a3 57. c5 a2 58. Kg2 dxc5 59. d6
Rd1 60. Rxa2 Rxd6 61. Rc2 Rc6 62. Rc4 Kf6 63. Kf3 Ke5 64. Re4+ Kd5 65. Ra4 c4
66. Ra2 Kd4 67. Ke2 Re6+ 68. Kd1 c3 69. Ra7 f5 70. Rd7+ Ke3 71. Kc2 Rh6 72.
Rd3+ Ke2 73. Rd4 Rf6 0-1